000 00581nam a2200193Ia 4500
003 IN-BaIIA
008 211028s9999 xx 000 0 eng d
020 _a92-9092-580-9
040 _cIIA Library
080 _a52-128(047)
_bESO
245 0 _aInvesting in space
_bthe challenges for Europe
_cedited by Geraldine Naja and Bruce Battrick
260 _aThe Netherlands
_bEuropean Space Agency
_c1999
300 _a48p.+cd
490 _aESO SP-2000
650 _aSpace programme
_925577
700 _aBattrick, Bruce., ed.
700 _aNaja, Geraldine, ed.
_925578
942 _cBK
999 _c14416
_d14416